000
00489nam a2200145Ia 4500
008
100204s9999 xx 000 0 und d
082
_b
2199
100
_a
"जोग, कुलकर्णी, भागवत"
245
_a
मराठी समीक्षा
260
_b
मुंबई विश्वविद्यालय
_c
1972
300
_a
176
630
_a
मराठी समीक्षा
730
_a
मराठी समीक्षा
942
_c
BOOK
999
_c
447301
_d
447298